000 00998cam a2200229 4500
001 L129475
008 050421n2005 000 0 eng u
020 _a0717629767
035 _a(Sirsi) u129475
041 _aeng
050 _a690.22
_c22
110 _aGreat Britain
_bHealth and Safety Executive
245 4 _aThe Work at Height Regulations 2005
_ba brief guide
260 _aSudbury
_bHSE
_c2005
490 _aHSE Health and Safety Guidance
_vINDG401
520 _aThis brief guide on the Work at Height Regulations 2005 outlines what employers and those who work at height must do to comply with the Regulations. The guidance is aimed mainly at small businesses and those not familiar with Regulations. The Regulations came into force on 6 April 2005.
590 _aIKA290405
650 _aWORK AT HEIGHT REGULATIONS 2005
690 _aHealth and safety
_96244
856 _uhttps://www.hse.gov.uk/pubns/fallindx.htm
_zView the item free of charge at www.hse.gov.uk...
942 _n0
999 _c104208
_d104208